[Event "Challenge"]
[Site "http://www.queenalice.com/game.php?id=496652"]
[Date "2008.11.22"]
[Round "-"]
[White "Mars"]
[Black "nleal"]
[Result "1-0"]
[WhiteElo "1767"]
[BlackElo "1574"]

1. d4 d5 2. Nc3 Nf6 3. e3 a6 4. Bd3 Nc6 5. Nf3 Bg4 6. Be2 h5 7. Ne5 e6 8. Bd2
Bf5 9. O-O Qd6 10. Nxc6 Qxc6 11. a3 Ne4 12. Nxe4 Bxe4 13. Bf3 Bxc2 14. Qe2 Bb3
15. Rac1 Qb6 16. e4 Bc4 17. Qe3 Bxf1 18. Rxf1 Qxb2 19. exd5 O-O-O 20. dxe6 Re8
21. d5 b6 22. Qd3 fxe6 23. dxe6 Bxa3 24. Rb1 Rd8 25. Qxa6+ 1-0

[Event "Challenge"]
[Site "http://www.queenalice.com/game.php?id=502881"]
[Date "2008.12.4"]
[Round "-"]
[White "nleal"]
[Black "SprDog"]
[Result "0-1"]
[WhiteElo "1583"]
[BlackElo "1910"]

1. e4 e5 2. Nf3 Nc6 3. d3 Be7 4. Nc3 Nf6 5. a3 d6 6. h3 Be6 7. Be3 O-O 8. Qd2 a6
9. O-O-O d5 10. Nxd5 Nxd5 11. exd5 Qxd5 12. Qc3 Bf6 13. d4 e4 14. Ne5 Nxe5 15.
dxe5 Qxe5 16. Bd4 Qf4+ 17. Kb1 c6 18. Qb4 Rad8 19. g3 Qxf2 20. Bc4 Rxd4 21. Rhf1
Rxd1+ 22. Rxd1 Bxc4 23. Qxc4 e3 0-1

[Event "Challenge"]
[Site "http://www.queenalice.com/game.php?id=505754"]
[Date "2008.12.10"]
[Round "-"]
[White "SprDog"]
[Black "nleal"]
[Result "1-0"]
[WhiteElo "2045"]
[BlackElo "1661"]

1. e4 e5 2. Nf3 Nc6 3. Bc4 Nf6 4. d3 Be7 5. Nc3 Bb4 6. Bd2 d6 7. a3 Bc5 8. h3 h6
9. Qc1 Nd4 10. Nxd4 exd4 11. Nd5 Nxd5 12. Bxd5 O-O 13. Qd1 c6 14. Ba2 Re8 15.
Qe2 Bf5 16. Qf3 Qf6 17. O-O Bg6 18. Qxf6 gxf6 19. b4 Bb6 20. Bxh6 Kh7 21. Bf4
Rad8 22. a4 a5 23. b5 c5 24. g4 Rc8 25. Bxd6 1-0

[Event "AUTO-INT-1132"]
[Site "http://www.queenalice.com/game.php?id=506480"]
[Date "2008.12.12"]
[Round "1"]
[White "EmersonFM"]
[Black "nleal"]
[Result "0-1"]
[WhiteElo "1531"]
[BlackElo "1618"]

1. e4 e5 2. Nf3 Nc6 3. Bb5 a6 4. Bxc6 dxc6 5. O-O Bg4 6. Nc3 Qd6 7. d3 h6 8. h4
O-O-O 9. Be3 Nf6 10. a4 Qb4 11. Ne2 Bxf3 12. c3 Qxb2 13. gxf3 Be7 14. Rb1 Qa2
15. Qb3 Qxe2 16. Qxb7+ Kd7 17. Rb6 Rb8 18. Qxc6+ Kc8 19. Qa8 Rxa8 20. Rxf6 gxf6
21. d4 Rg8+ 22. Kh2 Qxf1 23. Bxh6 Qg2# 0-1

[Event "AUTO-INT-1132"]
[Site "http://www.queenalice.com/game.php?id=506481"]
[Date "2008.12.12"]
[Round "1"]
[White "nleal"]
[Black "EmersonFM"]
[Result "1-0"]
[WhiteElo "1659"]
[BlackElo "1512"]

1. e4 e5 2. Nf3 Nc6 3. Nc3 Bb4 4. a3 Bxc3 5. dxc3 Nf6 6. Bg5 O-O 7. Bd3 d6 8. h3
h5 9. Qd2 Be6 10. g4 hxg4 11. hxg4 Bxg4 12. Qe2 a5 13. Rh2 a4 14. Qf1 Qd7 15.
Qh1 Nh5 16. O-O-O f6 17. Bc4+ Rf7 18. Bxf7+ Qxf7 19. Rh4 fxg5 20. Rxg4 Qa2 21.
Qxh5 Qa1+ 22. Kd2 Qxb2 23. Qxg5 Kf7 24. Qxg7+ Ke8 25. Qg8+ Kd7 26. Rg7+ Ne7 27.
Qd5 1-0

[Event "AUTO-INT-1132"]
[Site "http://www.queenalice.com/game.php?id=506496"]
[Date "2008.12.12"]
[Round "1"]
[White "PotatoHead"]
[Black "nleal"]
[Result "0-1"]
[WhiteElo "1859"]
[BlackElo "1685"]

1. e4 e5 2. Nf3 Nc6 3. Bb5 a6 4. Ba4 Nf6 5. O-O Bc5 6. c3 O-O 7. d4 d5 8. dxc5
Nxe4 9. Bxc6 bxc6 10. Nbd2 Bg4 11. Qa4 Qf6 12. Nxe4 dxe4 13. Qxe4 Bf5 14. Qxe5
Qg6 15. Qg3 Rfe8 16. Qxg6 Bxg6 17. Bf4 Re7 18. Rfe1 Rae8 0-1

[Event "AUTO-INT-1132"]
[Site "http://www.queenalice.com/game.php?id=506497"]
[Date "2008.12.12"]
[Round "1"]
[White "nleal"]
[Black "PotatoHead"]
[Result "0-1"]
[WhiteElo "1595"]
[BlackElo "1946"]

1. e4 c5 2. Nf3 Nc6 3. d4 cxd4 4. Nxd4 Nf6 5. Nc3 d6 6. h3 e5 7. Nf5 Bxf5 8.
exf5 d5 9. Bg5 Be7 10. Qd2 d4 11. Ne2 Qb6 12. b3 Ne4 13. Qd3 Nxg5 14. h4 e4 15.
Qg3 Qb4+ 16. Kd1 e3 17. hxg5 Qd2# 0-1

[Event "AUTO-INT-1132"]
[Site "http://www.queenalice.com/game.php?id=506506"]
[Date "2008.12.12"]
[Round "1"]
[White "AlexsandroB"]
[Black "nleal"]
[Result "0-1"]
[WhiteElo "1511"]
[BlackElo "1593"]

1. d4 d5 2. c4 dxc4 3. Nc3 Nc6 4. e3 e5 5. d5 Na5 6. Qa4+ c6 7. dxc6 bxc6 8.
Bxc4 Bd7 9. Bd3 c5 10. Qc2 Nf6 11. Nf3 c4 12. Bf5 Bxf5 0-1

[Event "AUTO-INT-1132"]
[Site "http://www.queenalice.com/game.php?id=506507"]
[Date "2008.12.12"]
[Round "1"]
[White "nleal"]
[Black "AlexsandroB"]
[Result "1-0"]
[WhiteElo "1606"]
[BlackElo "1498"]

1. e4 c5 2. Nf3 e6 3. d4 cxd4 4. Nxd4 Nf6 5. Bg5 Be7 6. Nc3 Qa5 7. Bd2 Qb6 8.
Be3 Qa5 9. f4 Nxe4 10. Qd2 Nxd2 11. Bxd2 Qb6 12. Be3 Qxb2 13. Rb1 Qxc3+ 14. Kd1
1-0

[Event "AUTO-INT-976"]
[Site "http://www.queenalice.com/game.php?id=507569"]
[Date "2008.12.14"]
[Round "2"]
[White "nleal"]
[Black "ClappinTheCaptain"]
[Result "0-1"]
[WhiteElo "1671"]
[BlackElo "1814"]

1. e4 e5 2. Nf3 Nc6 3. Bb5 a6 4. Bxc6 dxc6 5. O-O Bg4 6. d3 Qd6 7. Nbd2 Qg6 8.
Nc4 Bh3 9. Ng5 Be6 10. Nxe6 Qxe6 11. Qf3 Nf6 12. h3 b5 13. Na5 Bb4 14. Nb3 O-O
15. Be3 a5 16. Nc5 Bxc5 17. Bxc5 Rfe8 18. Rfe1 b4 19. d4 exd4 20. Bxd4 Qc4 21.
Bxf6 gxf6 22. Qxf6 Qxc2 23. Rac1 Qd2 24. Qxc6 Qf4 25. Qxc7 Rxe4 26. Rxe4 Qxe4
27. Rc5 Qe1+ 28. Kh2 Qxf2 29. Rg5+ Kh8 30. Rg3 Qxb2 31. Qxf7 a4 32. Qd5 Rb8 0-1

[Event "AUTO-INT-976"]
[Site "http://www.queenalice.com/game.php?id=507570"]
[Date "2008.12.14"]
[Round "2"]
[White "ClappinTheCaptain"]
[Black "nleal"]
[Result "1-0"]
[WhiteElo "1804"]
[BlackElo "1648"]

1. d4 d5 2. c4 Nf6 3. cxd5 Qxd5 4. Nc3 Qh5 5. Bf4 Na6 6. Nf3 e6 7. e3 Bd6 8.
Bxd6 cxd6 9. Nb5 Bd7 10. Nxd6+ Ke7 11. Nxb7 Nc7 12. Nc5 Rab8 13. Nxd7 Kxd7 14.
Ne5+ Kd6 15. Qxh5 Nxh5 16. Nxf7+ Ke7 17. Nxh8 Rxh8 18. Be2 Nf6 19. O-O Ncd5 20.
Rac1 Ne4 21. Rfd1 Rf8 22. Bf3 Nef6 23. Bxd5 Nxd5 24. e4 Nf4 25. Rc7+ Kf6 26.
Rxa7 Kg6 27. d5 Rd8 28. g3 Nh3+ 29. Kg2 Ng5 30. f3 Rf8 31. Rf1 Rb8 32. b3 Rc8
33. h4 Nf7 34. dxe6 Ne5 35. e7 1-0

[Event "AUTO-INT-976"]
[Site "http://www.queenalice.com/game.php?id=507571"]
[Date "2008.12.14"]
[Round "2"]
[White "nleal"]
[Black "SRIVERO"]
[Result "1-0"]
[WhiteElo "1631"]
[BlackElo "1696"]

1. e4 c5 2. Nf3 Nc6 3. d4 cxd4 4. Nxd4 d6 5. Nc3 Nf6 6. f4 Qb6 7. Be3 Qxb2 8.
Ndb5 Bg4 9. Be2 Bxe2 10. Kxe2 Nxe4 11. Qd3 Nxc3+ 12. Kf2 Nxb5 13. Rhb1 Ne5 14.
fxe5 Qa3 15. Qxb5+ Kd8 16. Qxb7 Rc8 17. Rb6 Rxc2+ 18. Kf3 Rc8 19. Ra6 Qd3 20.
Rxa7 Qf5+ 21. Kg3 Qxe5+ 22. Kf3 Qe6 23. Ra8 Qf5+ 24. Kg3 Qe5+ 25. Kf3 Rxa8 26.
Bb6+ Ke8 27. Qc6# 1-0

[Event "AUTO-INT-976"]
[Site "http://www.queenalice.com/game.php?id=507572"]
[Date "2008.12.14"]
[Round "2"]
[White "SRIVERO"]
[Black "nleal"]
[Result "0-1"]
[WhiteElo "1677"]
[BlackElo "1669"]

1. d4 d5 2. c4 Nf6 3. Nc3 e6 4. a3 dxc4 5. e3 b5 6. Nxb5 Ba6 7. Bxc4 c6 8. Qf3
Qd7 9. Bxe6 fxe6 10. Nc3 Bb7 11. Ne4 c5 12. Nxf6+ gxf6 13. Qxf6 Rg8 14. Nf3 Bg7
15. Qh4 Rf8 16. O-O Rf6 17. Qg4 Rg6 18. Qh3 e5 19. Qxd7+ Nxd7 20. Kh1 exd4 21.
Re1 O-O-O 22. exd4 Bxd4 23. Be3 Rf8 24. Nh4 Rg4 25. Bxd4 cxd4 26. Rac1+ Kd8 27.
Nf3 Rxf3 28. Kg1 d3 29. Rcd1 Nc5 30. Re3 Rxe3 31. fxe3 Rxg2+ 32. Kf1 Rxh2 0-1

[Event "AUTO-INT-976"]
[Site "http://www.queenalice.com/game.php?id=507573"]
[Date "2008.12.14"]
[Round "2"]
[White "nleal"]
[Black "chesplayer"]
[Result "1-0"]
[WhiteElo "1581"]
[BlackElo "1530"]

1. e4 e5 2. Nf3 Nc6 3. Bc4 Qf6 4. Nc3 Nd4 5. Nd5 Qd6 6. Nxd4 exd4 7. d3 Nf6 8.
Bf4 Qc5 9. Nxc7+ Kd8 10. Nxa8 b5 11. Bxf7 Qb4+ 12. Bd2 Qxb2 13. Ba5+ Ke7 14. Rb1
Qc3+ 15. Bxc3 dxc3 16. e5 Kxf7 17. exf6 gxf6 18. Rxb5 Bg7 19. Nc7 1-0

[Event "AUTO-INT-976"]
[Site "http://www.queenalice.com/game.php?id=507574"]
[Date "2008.12.14"]
[Round "2"]
[White "chesplayer"]
[Black "nleal"]
[Result "0-1"]
[WhiteElo "1545"]
[BlackElo "1566"]

1. e4 e5 2. Nf3 Nc6 3. Bb5 a6 4. Bxc6 dxc6 5. O-O f6 6. d4 Bg4 7. c3 b5 8. h3
Bh5 9. Nbd2 c5 10. d5 Ne7 11. Nb3 c4 12. Nc5 Nxd5 13. Ne6 Qe7 14. Qxd5 Ra7 15.
Qc6+ Kf7 16. Be3 Qxe6 17. Qxe6+ Kxe6 0-1

[Event "EBSRB"]
[Site "http://www.queenalice.com/game.php?id=533977"]
[Date "2009.2.3"]
[Round "2"]
[White "SprDog"]
[Black "nleal"]
[Result "1-0"]
[WhiteElo "2047"]
[BlackElo "1659"]

1. c4 c5 2. Nf3 Nc6 3. Nc3 Nd4 4. Nxd4 cxd4 5. Nd5 e6 6. Nf4 Be7 7. e3 Qc7 8. b3
g5 9. Nh3 e5 10. e4 Qc6 11. d3 d6 12. Nxg5 1-0

[Event "AUTO-INT-1132"]
[Site "http://www.queenalice.com/game.php?id=564462"]
[Date "2009.3.31"]
[Round "2"]
[White "nleal"]
[Black "leo2dipikke"]
[Result "0-1"]
[WhiteElo "1656"]
[BlackElo "1854"]

1. e4 e5 2. Nf3 Nc6 3. Bb5 Nd4 4. Nxd4 exd4 5. O-O c6 6. Ba4 Bc5 7. Re1 d6 8. h3
Qf6 9. d3 Ne7 10. a3 O-O 0-1